Statistics for Top 20 Motor Vehicle Producing Countries

Click here to take the quiz!

General Stats

  • This quiz has been taken 98,567 times
    (21,599 since last reset)
  • The average score is 16 of 20

Answer Stats

UnitsCountry% Correct
10.6 mUnited States
100%
30.2 mChina
99%
4.11 mGermany
98%
9.00 mJapan
98%
1.51 mFrance
96%
1.03 mUnited Kingdom
95%
0.880 mItaly
94%
5.85 mIndia
93%
4.00 mMexico
92%
2.32 mBrazil
91%
2.45 mSpain
91%
1.55 mCanada
89%
4.24 mSouth Korea
89%
1.40 mIndonesia
74%
1.47 mTurkey
70%
1.84 mThailand
63%
1.19 mIran
60%
0.774 mMalaysia
53%
1.40 mCzech Republic
52%
1.08 mSlovakia
36%

Score Distribution

Percentile by Number Answered

Percent of People with Each Score

Your Score History

You have not taken this quiz since the last reset